Vybrané aspekty ekonomického rozvoja Konžskej demokratickej republiky
Hospodársky vývoj Konžskej demokratickej republiky a kľúčové body v zlyhávaní ekonomického rozvoja. Východisková situácia v štáte charakteristická pre kolonizované Kongo. Očakávané faktory hospodárskeho zlyhania, ktoré sú špecifické pre najmenej rozvinuté štáty.
Salvato in:
| Autore principale: | |
|---|---|
| Natura: | Capitolo di libro |
| Lingua: | slovacco |
| Soggetti: | |
| Tags: |
Nessun Tag, puoi essere il primo ad aggiungerne!!
|
MARC
| LEADER | 00000naa$a2200000$$$4500 | ||
|---|---|---|---|
| 001 | 0281443 | ||
| 005 | 20240502074400.8 | ||
| 041 | 0 | |a slo | |
| 044 | |a SK | ||
| 245 | 1 | 0 | |a Vybrané aspekty ekonomického rozvoja Konžskej demokratickej republiky |c Mykhaylo Kunychka |
| 520 | |a Hospodársky vývoj Konžskej demokratickej republiky a kľúčové body v zlyhávaní ekonomického rozvoja. Východisková situácia v štáte charakteristická pre kolonizované Kongo. Očakávané faktory hospodárskeho zlyhania, ktoré sú špecifické pre najmenej rozvinuté štáty. | ||
| 610 | 2 | 0 | |a Kongo |
| 610 | 2 | 0 | |a rozvoj hospodársky |
| 610 | 2 | 0 | |a kolonizácia |
| 610 | 2 | 0 | |a zdroje prírodné |
| 100 | 1 | |a Kunychka, Mykhaylo, 1990- | |